| 000 | 02054nam a2200241 a 4500 | ||
|---|---|---|---|
| 001 | BS0003467 | ||
| 003 | BR-BrBNA | ||
| 005 | 20230418192324.0 | ||
| 008 | 230308b |||||||| |||| 00| 0 por d | ||
| 040 |
_aBR-BrBNA _bpor _cBiblioteca Nacional de Agricultura |
||
| 041 | _apor | ||
| 072 | _aD50 | ||
| 090 | _aD50 BS0003467 | ||
| 110 | 1 | _aAnistia Internacional | |
| 245 | 1 |
_aAnistia Internacional. Informe 2014/2015 : _bO estado dos direitos humanos no mundo / |
|
| 260 | 3 |
_aRio de Janeiro, RJ: _c2015. |
|
| 300 | _a198 p. | ||
| 520 | 3 | _aO Informe 2014/15 da Anistia Internacional documenta o estado dos direitos humanos em 160 países e territórios em 2014. Alguns eventos fundamentais de 2013 também são registrados. Para a edição brasileira, selecionamos 52 países que possuem maiores vínculos com o Brasil ou cuja situação de direitos humanos é mais urgente. Embora o ano de 2014 tenha sido marcado por conflitos violentos e pelo fracasso de muitos estados em proteger os direitos e a segurança da população civil, esse ano também se caracterizou por avanços significativos em termos de proteções e garantias de certos direitos humanos. Aniversários cruciais de eventos marcantes, como o vazamento de gases tóxicos em Bhopal em 1984 e o genocídio de Ruanda em 1994, assim como as reflexões sobre os 30 anos da adoção da Convenção da ONU contra a Tortura, lembram-nos de que, mesmo diante dos enormes progressos conquistados, muito ainda precisa ser feito para assegurar a justiça para vítimas e sobreviventes de graves abusos. Este relatório também presta homenagem àqueles que lutam para defender os direitos humanos em todos os cantos do planeta, geralmente em circunstâncias difíceis e perigosas. Destaca as principais preocupações da Anistia Internacional ao redor do mundo e é leitura essencial para ativistas, formuladores de políticas e qualquer pessoa interessada em direitos humanos. | |
| 650 |
_aDIREITO _93 |
||
| 650 | _aDIREITOS HUMANOS | ||
| 909 |
_a202304 _bSergio Santos _c56 _dSergio Santos |
||
| 942 | _cBK | ||
| 999 |
_c8529 _d8529 |
||